<?xml version="1.0" encoding="UTF-8"?>
<record
    xmlns:xsi="http://www.w3.org/2001/XMLSchema-instance"
    xsi:schemaLocation="http://www.loc.gov/MARC21/slim http://www.loc.gov/standards/marcxml/schema/MARC21slim.xsd"
    xmlns="http://www.loc.gov/MARC21/slim">

  <leader>01509nam a22001577a 4500</leader>
  <datafield tag="999" ind1=" " ind2=" ">
    <subfield code="c">527651</subfield>
    <subfield code="d">527651</subfield>
  </datafield>
  <controlfield tag="008">240912b           ||||| |||| 00| 0 eng d</controlfield>
  <datafield tag="100" ind1=" " ind2=" ">
    <subfield code="a">Ajitha, S.  </subfield>
    <subfield code="9">58136</subfield>
  </datafield>
  <datafield tag="245" ind1=" " ind2=" ">
    <subfield code="a">Impact of covid-19 on domestic violence against women: A  study of the infectious shadow</subfield>
  </datafield>
  <datafield tag="260" ind1=" " ind2=" ">
    <subfield code="a">Bihar Journal of Public Administration </subfield>
  </datafield>
  <datafield tag="300" ind1=" " ind2=" ">
    <subfield code="a">21(1), Jan-Jun, 2024: p.89-97  </subfield>
  </datafield>
  <datafield tag="520" ind1=" " ind2=" ">
    <subfield code="a">Violence, in all its forms, is a severe infringement of fundamental rights. Violence is not an isolated occurrence but rather a concealed aspect of life. When we consider the surge in violence against girls and women during the COVID-19 pandemic, it reveals an alarming increase in domestic abuse, which remains hidden in the shadows. This issue demands immediate attention as it paves the way for another silent pandemic that may be even more menacing than the ongoing spread of COVID-19. Government agencies and policymakers must prioritise addressing these forms of violence. Concurrently, intensify the dissemination of awareness alongside global pandemic mitigation measures. This paper aims to shed light on the current trends in the spread of this shadow pandemic, emphasising the urgency of addressing this issue. &#x2013; Reproduced 

http://www.iipabiharbranch.org/upload/BJPA_Vol.%20XXI%20No.%201%20Jan-June.%202024.pdf
</subfield>
  </datafield>
  <datafield tag="650" ind1=" " ind2=" ">
    <subfield code="a">Pandemic, Domestic violence, Sexual abuse, Human rights, Menstrual health. </subfield>
    <subfield code="9">47608</subfield>
  </datafield>
  <datafield tag="773" ind1=" " ind2=" ">
    <subfield code="a">Bihar Journal of Public Administration </subfield>
  </datafield>
  <datafield tag="906" ind1=" " ind2=" ">
    <subfield code="a">DOMESTIC VIOLENCE</subfield>
  </datafield>
  <datafield tag="942" ind1=" " ind2=" ">
    <subfield code="c">AR</subfield>
  </datafield>
  <datafield tag="952" ind1=" " ind2=" ">
    <subfield code="0">0</subfield>
    <subfield code="1">0</subfield>
    <subfield code="2">ddc</subfield>
    <subfield code="4">0</subfield>
    <subfield code="7">0</subfield>
    <subfield code="9">402735</subfield>
    <subfield code="a">IIPA</subfield>
    <subfield code="b">IIPA</subfield>
    <subfield code="d">2024-09-12</subfield>
    <subfield code="h">21(1), Jan-Jun, 2024: p.89-97  </subfield>
    <subfield code="p">AR133088</subfield>
    <subfield code="r">2024-09-12</subfield>
    <subfield code="y">AR</subfield>
  </datafield>
</record>
